| 000 | 00583nam a2200181 a 4500 | ||
|---|---|---|---|
| 001 | 000022522 | ||
| 005 | 20200930021644.0 | ||
| 008 | 101012s2005 sp a 000 0 spa d | ||
| 020 | _a8497343417 | ||
| 082 |
_ann* _bnn* |
||
| 100 | 1 |
_aBastante Liébana, Jesús. _946370 |
|
| 245 | 1 | 0 |
_aBenedicto XVI, el nuevo papa : _bRatzinger: su biografía, las claves de su elección y los desafíos ante el siglo xxi / _cJesús Bastante. |
| 250 | _a2a ed. | ||
| 260 |
_aMadrid : _bLa Esfera de los Libros, _c2005. |
||
| 300 |
_a253 p. : _bil. ; _c24 cm. |
||
| 049 | _aBNGR | ||
| 999 |
_c22020 _d22020 |
||
| 040 | _aDO-SdBNP | ||